Cornelius Van Houten correspondence, (Record no. 44879)

MARC details
000 -LEADER
fixed length control field 01899cpcaa2200373 a 4500
001 - CONTROL NUMBER
control field mm2012085723
003 - CONTROL NUMBER IDENTIFIER
control field DLC
005 - DATE AND TIME OF LATEST TRANSACTION
control field 20260227111732.0
008 - FIXED-LENGTH DATA ELEMENTS--GENERAL INFORMATION
fixed length control field 120105|||||||||||| eng
010 ## - LIBRARY OF CONGRESS CONTROL NUMBER
LC control number mm2012085723
040 ## - CATALOGING SOURCE
Original cataloging agency DLC
Transcribing agency DLC
Description conventions dacs
Modifying agency DLC
072 #7 - SUBJECT CATEGORY CODE
Subject category code W
Source lcmd
100 1# - MAIN ENTRY--PERSONAL NAME
Personal name Van Houten, Cornelius.
245 00 - TITLE STATEMENT
Title Cornelius Van Houten correspondence,
Inclusive dates 1865.
300 ## - PHYSICAL DESCRIPTION
Extent 8
Type of unit items.
520 8# - SUMMARY, ETC.
Summary, etc. ALS (1865 April 27) written by Van Houten while serving with the 1st New Jersey Light Artillery to his father, Ralph Van Houten, pertaining to political affairs at the close of the Civil War. Van Houten discusses the surrenders of Joseph E. Johnston and Robert E. Lee, the assassination of Abraham Lincoln, punishment for Jefferson Davis, and other military and political leaders. Also includes a partial letter, a memorandum listing several men of his unit, and several covers.
506 0# - RESTRICTIONS ON ACCESS NOTE
Terms governing access Open to research.
545 0# - BIOGRAPHICAL OR HISTORICAL DATA
Biographical or historical data Union Army soldier.
546 ## - LANGUAGE NOTE
Language note Collection material in English.
580 ## - LINKING ENTRY COMPLEXITY NOTE
Linking entry complexity note Forms part of: Miscellaneous Manuscripts collection.
600 10 - SUBJECT ADDED ENTRY--PERSONAL NAME
Personal name Davis, Jefferson,
Dates associated with a name 1808-1889.
600 10 - SUBJECT ADDED ENTRY--PERSONAL NAME
Personal name Johnston, Joseph E.
Fuller form of name (Joseph Eggleston),
Dates associated with a name 1807-1891.
600 10 - SUBJECT ADDED ENTRY--PERSONAL NAME
Personal name Lee, Robert E.
Fuller form of name (Robert Edward),
Dates associated with a name 1807-1870.
600 10 - SUBJECT ADDED ENTRY--PERSONAL NAME
Personal name Lincoln, Abraham,
Dates associated with a name 1809-1865
General subdivision Assassination.
600 10 - SUBJECT ADDED ENTRY--PERSONAL NAME
Personal name Van Houten, Ralph
Form subdivision Correspondence.
610 10 - SUBJECT ADDED ENTRY--CORPORATE NAME
Corporate name or jurisdiction name as entry element United States.
Subordinate unit Army.
-- New Jersey Artillery Regiment, 1st (1861-1865)
651 #0 - SUBJECT ADDED ENTRY--GEOGRAPHIC NAME
Geographic name New Jersey
General subdivision History
Chronological subdivision Civil War, 1861-1865.
651 #0 - SUBJECT ADDED ENTRY--GEOGRAPHIC NAME
Geographic name United States
General subdivision History
Chronological subdivision Civil War, 1861-1865.
651 #0 - SUBJECT ADDED ENTRY--GEOGRAPHIC NAME
Geographic name United States
General subdivision Politics and government
Chronological subdivision 1861-1865.
651 #0 - SUBJECT ADDED ENTRY--GEOGRAPHIC NAME
Geographic name United States
General subdivision Politics and government
Chronological subdivision 1865-1877.
656 #7 - INDEX TERM--OCCUPATION
Occupation Soldiers.
Source of term itoamc

No items available.

Powered by Koha